Suomen salmi-loppuiset kunnat - Statistics

Yleistilastot
  • Tätä visaa on pelattu 446 kertaa
  • Keskiarvotulos 5 / 6
Vastaustilastot
Maakunta Kunta % Oikein
Kainuu Suomussalmi
88%
Kainuu Hyrynsalmi
87%
Etelä-Savo Hirvensalmi
80%
Pohjois-Savo Iisalmi
79%
Keski-Suomi Hankasalmi
78%
Etelä-Savo Rantasalmi
76%
Ehtoja vastaavia visoja ei löytynyt
Tulosjakauma
Jokaisen tuloksen saaneiden osuus
Persentiili vastausten määrän mukaan
Tuloshistoriasi
Et ole pelannut tätä visaa